Valuing land tenure rights (Record no. 116102)
[ view plain ]
| 000 -LEADER | |
|---|---|
| fixed length control field | 01845cam a22002895a 4500 |
| 001 - CONTROL NUMBER | |
| control field | L159754 |
| 008 - FIXED-LENGTH DATA ELEMENTS--GENERAL INFORMATION | |
| fixed length control field | 171219s2017 xxk f 000 0 eng d |
| 020 ## - INTERNATIONAL STANDARD BOOK NUMBER | |
| International Standard Book Number | 9789251300695 |
| 035 ## - SYSTEM CONTROL NUMBER | |
| System control number | (Sirsi) u159754 |
| 041 ## - LANGUAGE CODE | |
| Language code of text/sound track or separate title | eng |
| 050 ## - LIBRARY OF CONGRESS CALL NUMBER | |
| Classification number | 333.32 $2 18 |
| 050 04 - LIBRARY OF CONGRESS CALL NUMBER | |
| Classification number | 333.332 $2 18 |
| 110 ## - MAIN ENTRY--CORPORATE NAME | |
| Corporate name or jurisdiction name as entry element | Food and Agriculture Organization of the United Nations |
| 245 ## - TITLE STATEMENT | |
| Title | Valuing land tenure rights |
| Remainder of title | A technical guide on valuing land tenure rights in line with the Voluntary Guidelines on the responsible governance of tenure of land, fisheries and forests in the context of National Food Security |
| Medium | [electronic resource] |
| 260 ## - PUBLICATION, DISTRIBUTION, ETC. | |
| Date of publication, distribution, etc. | 2017 |
| 490 #0 - SERIES STATEMENT | |
| Series statement | Governance of Tenure Technical Guide |
| Volume/sequential designation | 11 |
| 520 ## - SUMMARY, ETC. | |
| Summary, etc. | Aimed predominantly at developing countries, it is a set of recommendations for valuation that comply with international norms in relation to fairness, transparency, gender equality and free prior informed consent. It provides examples of why land valuations are needed for food security as well as to protect social and religious activities, all of which are vulnerable to urban expansion, increased cultivation, climate change and conflict. It also lays out how valuations are undertaken in countries where land tenure rights might be formalised and in countries where land rights are customary. To help better manage land ? as a resource for sustainable use and as a habitat for protection ? the guide explains how to consider its value both in purely economic terms and in wider social and environmental terms. |
| 650 ## - SUBJECT ADDED ENTRY--TOPICAL TERM | |
| Topical term or geographic name entry element | DEVELOPING COUNTRIES |
| 650 ## - SUBJECT ADDED ENTRY--TOPICAL TERM | |
| Topical term or geographic name entry element | LAND TENURE |
| 650 ## - SUBJECT ADDED ENTRY--TOPICAL TERM | |
| Topical term or geographic name entry element | PROPERTY RIGHTS |
| 650 ## - SUBJECT ADDED ENTRY--TOPICAL TERM | |
| Topical term or geographic name entry element | URBAN LAND |
| 651 #4 - SUBJECT ADDED ENTRY--GEOGRAPHIC NAME | |
| Geographic name | International |
| 690 ## - LOCAL SUBJECT ADDED ENTRY--TOPICAL TERM (OCLC, RLIN) | |
| Topical term or geographic name as entry element | Valuation |
| 9 (RLIN) | 6273 |
| 856 40 - ELECTRONIC LOCATION AND ACCESS | |
| Uniform Resource Identifier | <a href="https://www.fao.org/3/a-I8252e.pdf">https://www.fao.org/3/a-I8252e.pdf</a> |
| Public note | View the guide free of charge at www.fao.org |
| 942 ## - ADDED ENTRY ELEMENTS (KOHA) | |
| Suppress in OPAC | 0 |
| 948 ## - LOCAL PROCESSING INFORMATION (OCLC); SERIES PART DESIGNATOR (RLIN) | |
| c (OCLC) | 19/05/1997 |
| Withdrawn status | Lost status | Source of classification or shelving scheme | Damaged status | Not for loan | Home library | Current library | Shelving location | Date acquired | Total Checkouts | Full call number | Barcode | Date last seen | Copy number | Price effective from | Koha item type |
|---|---|---|---|---|---|---|---|---|---|---|---|---|---|---|---|
| Dewey Decimal Classification | Virtual | Virtual | Online | 19/12/2017 | ONLINE PUBLICATION | 159754-2001 | 06/08/2019 | 1 | 06/08/2019 | Book |